Statistics for IIHF World Champions

Click here to take the quiz!

General Stats

  • This quiz has been taken 231 times
    (194 since last reset)
  • The average score is 9 of 10

Answer Stats

#Champion% Correct
26xCanada
100%
11xSweden
99%
2xUSA
99%
2xFinland
97%
5xRussia
97%
6xCzech Republic
94%
1xSlovakia
90%
22xSoviet Union
82%
6xCzechoslovakia
75%
1xGreat Britain
72%

Score Distribution

Percentile by Number Answered

Percent of People with Each Score

Your Score History

You have not taken this quiz since the last reset